000 00283nam a2200121Ia 4500
008 190216s9999||||xx |||||||||||||| ||und||
100 _aNair K S
245 0 _aSoviet Kavitha
260 _bJanatha Printing And Publishing
_c1967
300 _a71p
650 _aKavithkal
942 _cBK
999 _c24631
_d24631